=LDR 00000nam 2200000 4500 =001 INLIS000000000005482 =005 20251016012021 =035 ##$$a 0010-1025000537 =007 ta =008 251016###########################0#ind## =082 ##$$a 304.630 =084 ##$$a 304.630 BAD b =100 #$$a Badan Koordinasi Keluarga Berencana Nasional =245 1#$$a Beberapa Isu Strategis SDKI Dan Pola Fertilisasi Regional Di Indonesia /$c Badan Koordinasi Keluarga Berencana Nasional =260 ##$$a Jakarta :$b Badan Koordinasi Keluarga Berencana Nasional,$c 1998 =300 ##$$a 19 : $b Ilus ; $c 21 =650 #4$$a Keluarga Berencana =856 ##$$a Perpustakaan Kemendukbangga